Building education and research : proceedings of the CIB W89 International Conference on Building Education and Research (BEAR '98), 8-10 July 1998, Brisbane, Australia

Bibliographic Details
Other Authors: J. Yang, W. P. Chang
Format: Book
Published: London; New York : E & FN Spon , 1998
Subjects:

MARC

LEADER 00000cam a2200000 7i4500
001 0000007586
005 20050614.0
020 |a 041923800X 
040 |a INS 
090 0 0 |a TH165.   |b C33 1998 
245 1 0 |a Building education and research :   |b proceedings of the CIB W89 International Conference on Building Education and Research (BEAR '98), 8-10 July 1998, Brisbane, Australia   |c J. Yang 
260 |a London; New York :   |b E & FN Spon ,   |c 1998 
300 |a 527p. ;   |c 25cm. 
650 0 0 |a Building   |x Research 
650 0 0 |a Building   |x Study and teaching (Higher)   |x Congresses 
700 0 |a J. Yang 
700 0 |a W. P. Chang 
999 |a 0000007821   |b BOOK   |c Open Shelf   |e Default branch